000 00281nam a2200109Ia 4500
001 1272284
005 20260417151425.0
008 260417s9999 xx 000 0 und d
020 _a9786256126961
245 0 _aDostluk İçin Birkaç Tebeşir
_cAnne Booth
260 _bKetebe Çocuk
999 _c1272284
_d1272284